Fr. Conceicao Rodrigues College of Engineering

Metal Cutting Tool Production (Record no. 20188)

MARC details
000 -LEADER
fixed length control field 00274nam a2200133Ia 4500
082 ## - DEWEY DECIMAL CLASSIFICATION NUMBER
Classification number 621.9
100 ## - MAIN ENTRY--PERSONAL NAME
Personal name Palay M.
245 ## - TITLE STATEMENT
Title Metal Cutting Tool Production
260 ## - PUBLICATION, DISTRIBUTION, ETC.
Name of publisher, distributor, etc. Mir Publishers
Date of publication, distribution, etc. 2001
300 ## - PHYSICAL DESCRIPTION
Extent 129
546 ## - LANGUAGE NOTE
Language note ENGLISH
654 ## - SUBJECT ADDED ENTRY--FACETED TOPICAL TERMS
Focus term Cutting
942 ## - ADDED ENTRY ELEMENTS (KOHA)
Koha item type BOOK
Holdings
Withdrawn status Lost status Damaged status Not for loan Collection Home library Current library Date acquired Cost, normal purchase price Total Checkouts Full call number Barcode Date last seen Cost, replacement price Price effective from Koha item type
        AFT Fr. Agnel's C.Rodrigues College of Engineering Fr. Agnel's C.Rodrigues College of Engineering 17/03/2023 7.20   621.9 AFT1104 17/03/2023 7.20 17/03/2023 BOOK